00509nam a22001577a 4500003000400000082001600004100001900020245010100039260003500140300000700175650001600182653000700198942001200205952011700217999001700334SGT a618.2bC23S aSHETH, KRISHNA aCorrelation of PAP Smear & Colposcopic finding of Unhealthy Cervix with Histopathological report aGURUGRAMbSGT UNIVERSITYc2023 a72 aOBSTETIRICS aMS 2ddccTH 00102ddc4051718MEDICALaFMbFMcREFd2024-06-20l0o618.2 C23SpDT1699r2024-06-20 00:00:00w2024-06-20yTH c26486d26486